|
|
|
|
| LEADER |
00873nam a22002772a 4500 |
| 001 |
000467150 |
| 003 |
CZ BrMZK |
| 005 |
20070921070923.0 |
| 007 |
ta |
| 008 |
000105s1985 xo f slo d |
| 020 |
|
|
|q (Brož.) :
|c Kčs 5,00
|
| 040 |
|
|
|a ABA001
|b cze
|c ABA001
|d ABA001
|
| 080 |
9 |
|
|a 301.15/.16-058.24(082)=854
|
| 080 |
9 |
|
|a 171/177:321.74(082)=854
|
| 100 |
1 |
|
|a Voltmann, Eduard
|4 aut
|
| 245 |
1 |
0 |
|a Prekonávaním protispoločenských javov za socialistický sposob života /
|c Eduard Voltmann
|
| 250 |
|
|
|a 1. vyd.
|
| 260 |
|
|
|a Bratislava :
|b Pravda,
|c 1985
|
| 300 |
|
|
|a 107 s. ;
|c 8°
|
| 490 |
1 |
|
|a Na pomoc politickej agitácii
|
| 830 |
|
0 |
|a Na pomoc politickej agitácii
|
| 910 |
|
|
|a BOA001
|b 1-0896.619
|
| 990 |
|
|
|a BK
|
| 995 |
|
|
|a 02
|
| 991 |
|
|
|b 200709
|
| 996 |
7 |
|
|b 2619757599
|c 1-0896.619
|l MZK
|r Sklad / do 1 hodiny
|n 2
|w 000467150
|u 000010
|a 1
|e BOA001
|j MZK50
|s A
|